000 00374nam a2200145Ia 4500
008 230312s9999||||xx |||||||||||||| ||und||
020 _a1-25-900207-6
082 _a621.43
_bHAY-I
100 _aHaywood;John.B
245 0 _aInternal Combustion Engine Fundamentals
260 _bMcGraw Hill
_aIndia
_c2011
300 _a930
650 _aEngineering
_vMechanics
942 _cBK
999 _c12272
_d12272